Olajnövények termesztése

Bibliographic Details
Main Author: Šimon, Jaroslav, 1895-1968 (Author)
Other Authors: Balážovič, Michal (Translator)
Format: Book
Language:Hungarian
Czech
PhysicalDescription:79, [5] s. 8°
Published: Bratislava Oráč 1952
Series:Többet, jobban, olcsóbban
Subjects:

MARC

LEADER 00000cam a2200000 a 4500
001 vtls008400651
003 SK-MaSNL
005 20260301152119.0
008 230403s1952 xo f 000 0 hun
015 |a SNBA19451955-012034 
035 |a SK01SNKBKSFS20020092868 
035 |a urn:nbn:sk:snk-am3ik3v 
035 |a F6B81F41-92F9-4CDE-B8D3-D0F09C977D2B 
035 |a urn:nbn:sk:snk-am00emu4 
035 |a SKM000095331 
040 |a SNK  |b slo  |c SNK  |e AACR2 
041 1 |a hun  |h cze 
044 |a xo  |c SK 
072 7 |a 633  |x Rastlinná výroba  |2 konspekt 
080 |a 633/635  |2 2011 
080 |a 633.85  |2 2011 
100 1 |a Šimon, Jaroslav,  |d 1895-1968  |4 aut  |9 122079 
245 1 0 |a Olajnövények termesztése  |c Jaroslav Šimon ; [ford. M. Balažovič] 
260 |a Bratislava  |b Oráč  |c 1952  |e Komárno  |f Západoslovenské tlačiarne 
300 |a 79, [5] s.  |c 8° 
366 |e 3500 výtl. 
490 1 |a Többet, jobban, olcsóbban  |v 45. köt. 
500 |a Preložené z češtiny 
650 0 7 |a pestovanie rastlín  |2 SNKPH  |9 29223 
650 0 7 |a olejniny  |2 SNKPH  |9 14940 
655 7 |a príručky  |2 SNKPH  |9 74364 
700 1 |a Balážovič, Michal  |4 trl  |9 347861 
830 0 |a Többet, jobban, olcsóbban  |9 309052 
852 |a Slovenská národná knižnica 
954 |a odborná, vedecká literatúra cudzojazyčná (svetová)  |2 lita 
958 |a OND 
958 |a RK 
958 |a TL 
958 |a EUIPO 
999 |c 788416  |d 790346 
952 |a SNK  |b SNK  |y VYP  |7 0  |p 17A0699374  |o snkSD 7331/45 D1  |i snkKSK 89/59  |8 3  |0 0  |1 0  |4 0  |d 2011-05-26  |l 0  |r 2026-02-24 01:27:29  |w 2026-02-24 
952 |a SNK  |b SNK  |y VYP  |7 0  |p 17A0699373  |o snkSD 7331/45 D2  |i snkF 6642/64  |8 5  |0 0  |1 0  |4 0  |d 2011-05-26  |l 0  |r 2026-02-24 01:27:29  |w 2026-02-24 
952 |a SNK  |b SNK  |y PREZ  |7 0  |p 17A0910826  |o snkSD 7331/45  |i snk4129/52  |0 0  |1 0  |4 0  |d 2020-06-30  |f 1  |l 0  |r 2025-11-17 00:00:00  |w 2026-02-24